Sanat - "Isänmaa" - Statistics

Yleistilastot
  • Tätä visaa on pelattu 8 kertaa
  • Keskiarvotulos 20 / 95
Vastaustilastot
Vastaus % Oikein
isänmaa
88%
isänmaa
88%
ja
75%
ja
75%
ja
75%
ja
75%
Tää
75%
tää
75%
tää
75%
on
63%
on
63%
on
63%
Maa
50%
maa
50%
maa
50%
maa
50%
maa
50%
maa
50%
maa
50%
maa
50%
maa
50%
suo
50%
vaikka
38%
voi
38%
huudetaan
25%
isänmaata
25%
isänmaata
25%
jossa
25%
jossa
25%
joutsenten
25%
maan
25%
pienten
25%
pohjoistuulen
25%
vaieten
25%
valkoisten
25%
hiljaa
13%
hiljaa
13%
hiljaisten
13%
ihmisistä
13%
ihmisten
13%
joiden
13%
kansa
13%
kansan
13%
kauniin
13%
kyynelistä
13%
laulu
13%
laulu
13%
sateenkaaren
13%
soi
13%
tätä
13%
tätä
13%
tehdä
13%
tuiskujen
13%
vapaudesta
13%
virsi
13%
aivan
0%
arjen
0%
huomataan
0%
Hyvä
0%
hyvää
0%
hyvään
0%
järvistä
0%
joita
0%
juurrutaan
0%
kaatuu
0%
kaunis
0%
kuolemaansa
0%
kyynelten
0%
maahan
0%
maansa
0%
maata
0%
maata
0%
maataan
0%
maataan
0%
murheista
0%
nöyrästi
0%
omaa
0%
raivaa
0%
rakasraa
0%
rakastaa
0%
rakastaa
0%
rakastaa
0%
rakentaa
0%
saa
0%
saa
0%
sankareiden
0%
sankareista
0%
syntymästä
0%
Toiset
0%
toiset
0%
tuntureista
0%
tuskin
0%
vaietaan
0%
viljaa
0%
vuoksi
0%
Ehtoja vastaavia visoja ei löytynyt
Tulosjakauma
Jokaisen tuloksen saaneiden osuus
Persentiili vastausten määrän mukaan
Tuloshistoriasi
Et ole pelannut tätä visaa